| Tag |
First Indicator |
Second Indicator |
Subfields |
| LEADER |
00000cam a2200000 i 4500 |
| 001 |
in00004083613 |
| 005 |
20200113165611.0 |
| 006 |
m o d f |
| 007 |
cr mn||||||||| |
| 008 |
191008s2016 dcua of f000 0 spa d |
| 035 |
|
|
|a (OCoLC)on1122617209
|
| 043 |
|
|
|a n-us---
|
| 040 |
|
|
|a GPO
|b eng
|e rda
|e pn
|c GPO
|d MvI
|
| 041 |
0 |
|
|a spa
|
| 049 |
|
|
|a WWW
|
| 074 |
|
|
|a 0443-G-04 (online)
|
| 086 |
0 |
|
|a FR 2.8:M 74/2/CAR/SPAN.
|
| 130 |
0 |
|
|a Parent reading guide for "Tía Isa Wants a Car" by Meg Medina.
|l Spanish.
|
| 245 |
1 |
4 |
|a Una guía de lectura para padres por "Tía Isa Quiere un Carro", escrito por Meg Medina /
|c Club del libro el dinero a medida que creces.
|
| 264 |
|
1 |
|a [Washington, D.C.] :
|b Oficina para la Protección Financiera del Consumidor,
|c 2016.
|
| 300 |
|
|
|a 1 online resource (10 pages) :
|b color illustrations
|
| 336 |
|
|
|a text
|b txt
|2 rdacontent
|
| 337 |
|
|
|a computer
|b c
|2 rdamedia
|
| 338 |
|
|
|a online resource
|b cr
|2 rdacarrier
|
| 588 |
|
|
|a Description based on online resource, PDF version; title from caption (CFPB, viewed August 1, 2019).
|
| 500 |
|
|
|a "Para edades de 4 a 8."
|
| 500 |
|
|
|a "Noviembre del 2016"--Page 4 of cover.
|
| 546 |
|
|
|a Spanish version.
|
| 600 |
1 |
0 |
|a Medina, Meg.
|t Tìa Isa wants a car.
|l Spanish
|v Handbooks, manuals, etc.
|
| 650 |
|
0 |
|a Financial literacy
|x Study and teaching (Early childhood)
|x Activity programs
|z United States
|v Handbooks, manuals, etc.
|
| 650 |
|
0 |
|a Children
|z United States
|x Finance, Personal
|x Study and teaching (Early childhood)
|x Activity programs
|v Handbooks, manuals, etc.
|
| 650 |
|
0 |
|a Decision making in children
|z United States
|v Handbooks, manuals, etc.
|
| 650 |
|
0 |
|a Money
|x Study and teaching (Early childhood)
|z United States
|v Handbooks, manuals, etc.
|
| 650 |
|
0 |
|a Reading
|x Parent participation
|z United States
|v Handbooks, manuals, etc.
|
| 655 |
|
7 |
|a Handbooks and manuals.
|2 lcgft
|
| 710 |
2 |
|
|a Money as You Grow Book Club,
|e author.
|
| 710 |
1 |
|
|a United States.
|b Consumer Financial Protection Bureau,
|e issuing body.
|
| 776 |
0 |
8 |
|i Print version:
|t Guía de lectura para padres por "Tía Isa Quiere un Carro", escrito por Meg Medina
|w (OCoLC)1122617331
|
| 856 |
4 |
0 |
|u https://purl.fdlp.gov/GPO/gpo123826
|t 0
|
| 999 |
f |
f |
|s 86554e9f-872f-3eb6-a406-d89e47d50a6b
|i 9c91c01b-5eb9-3ddf-afec-4caad7d3b3dc
|t 0
|
| 952 |
f |
f |
|a Texas A&M University
|b College Station
|c Electronic Resources
|d Available Online
|t 0
|e FR 2.8:M 74/2/CAR/SPAN.
|h Superintendent of Documents classification
|
| 998 |
f |
f |
|a FR 2.8:M 74/2/CAR/SPAN.
|t 0
|l Available Online
|